| 000 | 02082cam a2200349 i 4500 | ||
|---|---|---|---|
| 001 | 990207874300107026 | ||
| 003 | UkOxU | ||
| 005 | 20250709141413.0 | ||
| 008 | 161101s2017 enka 001 0 eng d | ||
| 015 |
_aGBB700557 _2bnb |
||
| 016 | 7 |
_a018163339 _2Uk |
|
| 020 |
_a9780241239018 _qhardback |
||
| 035 | _a(UkOxU)020787430 | ||
| 035 | _a(UkOxU)020787430BIB01 | ||
| 035 | _a(Uk)018163339 | ||
| 040 |
_aStDuBDS _beng _erda _cStDuBDS _dUk _dUkOxU |
||
| 042 | _aukblsr | ||
| 245 | 0 | 4 |
_aThe art book _c/ contributors, Caroline Bugler [and four others] ; editors, Richard Gilbert, Diana Loxley, Kirsty Seymour-Ure, Marek Walisiewicz. |
| 264 | 1 |
_aLondon : _bDorling Kindersley Limited, _c2017. |
|
| 300 |
_a352 pages : _billustrations (some colour) ; _c24 cm. |
||
| 490 | 1 | _aBig ideas simply explained | |
| 500 | _aIncludes index. | ||
| 520 | _aThe Art Book is a captivating introduction to painting, drawing, printing, sculpture, conceptual art, and performance art - from ancient history to the modern day - aimed at adults with an interest in the subject and students wanting to gain more of an overview. Here you'll discover more than 80 of the world's most groundbreaking artworks by history's most influential painters, sculptors and artists, through exciting text and bold graphics. This fresh new guide examines the ideas that inspired masterpieces by Van Gogh, Rembrandt, Klimt, Matisse, Picasso, and dozens more! If you thought it was difficult to learn about the defining movements, The Art Book presents key information in a clear layout. Find out about subject matters, techniques, and materials, and learn about the talented artists behind the great works, through superb mind maps and step-by-step summaries. | ||
| 650 | 0 |
_a Art _97879 |
|
| 700 |
_aBugler, Caroline, _eauthor. _925092 |
||
| 700 |
_aGilbert, Richard _c(Freelance editor) _eeditor. |
||
| 700 |
_aLoxley, Diana, _d1957- _eeditor. _925093 |
||
| 700 |
_aSeymour-Ure, Kirsty _eeditor. _925094 |
||
| 700 |
_aWalisiewicz, Marek _eeditor. _925095 |
||
| 830 | 0 | _aBig ideas simply explained | |
| 942 | _2lcc | ||
| 999 |
_c4614 _d4614 |
||